| 000 | 00435nam a2200169Ia 4500 | ||
|---|---|---|---|
| 003 | IN-BaIIA | ||
| 008 | 211028s9999 xx 000 0 eng d | ||
| 040 | _cIIA Library | ||
| 080 |
_a535 _bMER |
||
| 100 |
_aMertz, Lawrence _95623 |
||
| 245 | 0 |
_aTransformations in Optics _cLawrence Mertz |
|
| 260 |
_aNew York _bJohn Wiley & Sons _c1965 |
||
| 300 | _aviii, 116p. | ||
| 650 | _aFourier Transformation | ||
| 650 | _aOptics | ||
| 942 | _cBK | ||
| 999 |
_c3840 _d3840 |
||